Представление документа в формате RUSMARC

ПолеНазваниеЗначение
  Тип записи a
  Библиографический уровень m
001 Контрольный номер fe5acaa6f040424f967abd32ca9f2b79
005 Дата корректировки 20140611103427.5
010 Индекс ISBN __
a ISBN 5-16-002007-1
101 Язык документа 0_
a Язык текста rus
102 Страна публикации __
a Страна публикации RU
200 Заглавие и сведения об ответственности 1_
a Заглавие Стратегическое управление логистикой
e Сведения, относящиеся к заглавию пер. с 4- го англ. изд.
f Первые сведения об ответственности Джеймс Р. Сток, Дуглас М. Ламберт ; науч. ред. и предисл. В. И. Сергеев
210 Выходные данные 1_
c Издательство ИНФРА-М
a Место издания М.
d Дата издания 2005
215 Физическое описание __
a Объем XXXII, 797 с.
610 Ключевые слова 0_
a Ключевые слова логистика
610 Ключевые слова 0_
a Ключевые слова зарубежный опыт
610 Ключевые слова 0_
a Ключевые слова логистический менеджмент
610 Ключевые слова 0_
a Ключевые слова управление цепями поставок
610 Ключевые слова 0_
a Ключевые слова управление запасами
610 Ключевые слова 0_
a Ключевые слова транспортировка грузов
610 Ключевые слова 0_
a Ключевые слова складирование
610 Ключевые слова 0_
a Ключевые слова компьютерные технологии
610 Ключевые слова 0_
a Ключевые слова финансовый контроль логистических показателей
610 Ключевые слова 0_
a Ключевые слова стратегическое планирование логистики
610 Ключевые слова 0_
a Ключевые слова учебник
686 Индексы других классификаций __
a Классификационный индекс 65.050.8
2 Код системы rubbk
686 Индексы других классификаций __
a Классификационный индекс 65.9(2)40
2 Код системы rubbk
700 Автор _1
a Фамилия Сток
g Полное личное имя Джеймс Р.
701 Альтернативная интеллектуальная ответственность _1
a Фамилия Ламберт
g Полное личное имя Дуглас М.
u 2
702 Вторичная интеллектуальная ответственность _1
u 2
a Фамилия Сергеев
b Имя В. И.
4 Код отношения 340
801 Источник записи _0
a Страна RU
b Организация РУК
c Дата составления 20061030
g Правила каталогизации PSBO
801 Источник записи _1
a Страна RU
b Организация РУК
c Дата составления 20061030
g Правила каталогизации PSBO
852 Данные о местонахождении __
i Авторский знак С 81
j Шифр хранения ББК 65.050
901 Тип документа __
t Тип документа m
938 Служебная информация __
a Название организации Головной вуз
b Имя БД BOOK
c Название АИБС АИБС ИРБИС